| 000 | 00628nam a22001577a 4500 | ||
|---|---|---|---|
| 003 | macl | ||
| 005 | 20210909132352.0 | ||
| 008 | 191128b xxu||||| |||| 00| 0 eng d | ||
| 040 | _cmacl | ||
| 082 | _a891.431/RAJ/P | ||
| 100 |
_aनूूरीपुरी, राजकुमार _977322 |
||
| 245 | _aरंग -ए- एहसास उर्दू की बेहतरीन नज्में | ||
| 260 |
_aदिल्ली _bकैमिला पब्लिशर्स एण्ड डिस्ट्रीब्यूटर्स _c2018 |
||
| 650 |
_aनज्म _971837 |
||
| 942 |
_2ddc _cHIN |
||
| 999 |
_c61430 _d61430 |
||